| 000 | 00647cam a22002171 4500 | ||
|---|---|---|---|
| 001 | 0000004746 | ||
| 005 | 20170406120052.0 | ||
| 008 | 800124s1961 maua 000 0 eng | ||
| 010 | _a 61001205 | ||
| 035 | _9(DLC) 61001205 | ||
| 040 |
_aDLC _cDLC _dDLC |
||
| 050 | 0 | 0 |
_aQA251 _b.P25 |
| 082 | 0 | 0 | _a512.897 |
| 100 | 1 | _aPaige, Lowell J. | |
| 245 | 0 | 0 |
_aElements of linear algebra / _c[by] Lowell J. Paige [and] J. Dean Swift. |
| 260 |
_aBoston : _bGinn, _c[1961] |
||
| 300 |
_a348 p. : _billus. ; _c24 cm. |
||
| 650 | 0 | _aAlgebras, Linear. | |
| 700 | 1 |
_aSwift, J. Dean _q(Jonathan Dean), _d1918-, _ejoint author. |
|
| 908 | _a141119 | ||
| 999 |
_c4559 _d4559 |
||